000 00482nam a2200193Ia 4500
005 20250603145351.0
008 250603s9999 xx 000 0 und d
020 _a9781292154459
050 _aHB 172 .P47/
100 _aPerloff, Jeffrey M.
245 0 _aMicroeconomics: theory and applications with calculus
250 _a4th ed.
260 _aEngland
260 _bPearson Education Limited
260 _c2017
300 _a718 p
650 _aEngland
942 _cBK
999 _c41656
_d41656